书目信息 |
| 题名: |
应用泛函分析
|
|
| 作者: | 许天周 编著 | |
| 分册: | ||
| 出版信息: | 北京 科学出版社 2002.08 |
|
| 页数: | 300页 | |
| 开本: | 24cm | |
| 丛书名: | 研究生数学教学系列 | |
| 单 册: | ||
| 中图分类: | O177 , O177.92 | |
| 科图分类: | ||
| 主题词: | 泛函分析--fan han fen xi--研究生--教材 , 数学分析 | |
| 电子资源: | ||
| ISBN: | 7-03-010485-4 | |
| 000 | 00884nam 2200301 450 | |
| 001 | G012002012334 | |
| 005 | 20040723174052.0 | |
| 010 | @a7-03-010485-4@d29.00CNY | |
| 099 | @aCAL 012002189883 | |
| 100 | @a20020928d2002 ekmy0chiy0121 ea | |
| 101 | 0 | @achi |
| 102 | @aCN@b110000 | |
| 105 | @ay a 000yy | |
| 200 | 1 | @a应用泛函分析@Aying yong fan han fen xi@f许天周编著 |
| 210 | @a北京@c科学出版社@d2002.08 | |
| 215 | @a300页@d24cm | |
| 225 | 2 | @a研究生数学教学系列@AYan Jiu Sheng Shu Xue Jiao Xue Xi Lie@i工科类@v8 |
| 320 | @a有书目 | |
| 410 | 0 | @12001 @a研究生数学教学系列@v8 |
| 410 | 0 | @12001 @a工科类 |
| 461 | 0 | @12001 @a研究生数学教学系列 |
| 462 | 0 | @12001 @a工科类 |
| 606 | 0 | @a泛函分析@Afan han fen xi@x研究生@j教材 |
| 606 | 0 | @a数学分析 |
| 690 | @aO177@v4 | |
| 690 | @aO177.92@v4 | |
| 701 | 0 | @a许天周@Axu tian zhou@4编著 |
| 905 | @a10447@dO177@eX890 | |
| 应用泛函分析/许天周编著.-北京:科学出版社,2002.08 |
| 300页;24cm.-(研究生数学教学系列.工科类;8) |
| ISBN 7-03-010485-4:29.00CNY |
| ● |
| 相关链接 |
|
|
|
正题名:应用泛函分析
索取号:O177/X890
 
预约/预借
| 序号 | 登录号 | 条形码 | 馆藏地/架位号 | 状态 | 备注 |
| 1 | 550805 | 205508057 | 自科库401/401自科库 45排5列5层/ [索取号:O177/X890] | 在馆 | |
| 2 | 550806 | 205508066 | 自科库401/401自科库 45排5列5层/ [索取号:O177/X890] | 在馆 |